zpět

Detail výsledku týmu

Adélka, Pustiměř

Datum a čas kvízu

23 Celkem bodů Celkový počet nahraných bodů na tomto kvízu bez doplňovacích otázek.
3. Pořadí na kvízu Konečné umístění týmu na tomto kvízu.

Zaznamenané odpovědi

# Otázka Odpověď Body Výsledky
1. Ve zkušebním režimu otevřela o... Výpustek 0
2. Chorvatská národní banka oznám... kuna 0
3. Ve čtvrtek začal již 72. roční... Berlinale 1
4. Jeden muž se minulý týden vrát... Mirek Topolánek 0
5. Basketbalista Tomáš Satoranský... San Antonio Spurs 0
6. Začneme jedním ze základních a... 1B 2D 3C 4A 0
7. Jak se nazývá kreslicí materiá... rudka 1
8. Který renesanční umělec je aut... Leonardo da Vinci 1
9. Na obrázku vidíme typ mikrotuž... verzatilka (versatilka) 1
10. Firma Koh-i-noor Hardtmuth je... v Českých Budějovicích 1